000 00336nam a2200145Ia 4500
008 191201s2005 xx 000 0 und d
082 _a537
_bSAE
100 _aSADIKU, Matheuo, N O
245 0 _aElements of Electromagnetics
250 _a3rd
260 _aUSA
_bOUP
_c2005
300 _a765
650 _aB.Tech(ECE)
942 _2ddc
_cBK
999 _c1307
_d1307